[Event "Treviso TWE op-B 30th"]
[Site "Treviso"]
[Date "2006.12.09"]
[Round "2.19"]
[White "Zanatta, Diego"]
[Black "Rizzo, Nicodemo"]
[Result "1-0"]
[WhiteElo "1488"]
[BlackElo "1440"]
[PlyCount "85"]
[EventDate "2006.12.08"]
[EventType "swiss"]
[EventRounds "5"]
[EventCountry "ITA"]
[SourceTitle "EXT 2024"]
[Source "ChessBase"]
[SourceDate "2023.10.10"]
[SourceVersion "1"]
[SourceVersionDate "2023.10.10"]
[SourceQuality "1"]

1. d4 d5 2. Bf4 e6 3. e3 c5 4. c3 Nc6 5. Nf3 Nf6 6. Nbd2 Be7 7. dxc5 Bxc5 8. Bd3 Bd7 9. 0-0 h6 10. b4 Bb6 11. Qe2 0-0 12. e4 Bc7 13. Bxc7 Qxc7 14. h3 Ne5 15. Rfc1 Nxf3+ 16. Nxf3 dxe4 17. Bxe4 Nxe4 18. Qxe4 Bc6 19. Qe3 Bxf3 20. Qxf3 Rfd8 21. Rd1 Rac8 22. g3 b5 23. Rxd8+ Rxd8 24. a4 a6 25. axb5 axb5 26. Ra5 Rb8 27. Qe3 Qc6 28. Qc5 Qd7 29. Ra7 Rb7 30. Rxb7 Qxb7 31. c4 bxc4 32. Qxc4 Kf8 33. Qc5+ Ke8 34. b5 Kd7 35. b6 Qc6 36. Qa5 Qb7 37. Qc5 Qc6 38. Qd4+ Kc8 39. Qxg7 Qxb6 40. Qxh6 Kd7 41. Qf6 Ke8 42. h4 Qb1+ 43. Kh2 1-0

[Event "Treviso U2100 op"]
[Site "Treviso"]
[Date "2005.12.04"]
[Round "3.21"]
[White "Zanatta, Diego"]
[Black "Sorbera, Enrico"]
[Result "1-0"]
[WhiteElo "1440"]
[BlackElo "1389"]
[PlyCount "45"]
[EventDate "2005.12.03"]
[EventType "swiss"]
[EventRounds "5"]
[EventCountry "ITA"]
[SourceTitle "EXT 2024"]
[Source "ChessBase"]
[SourceDate "2023.10.10"]
[SourceVersion "1"]
[SourceVersionDate "2023.10.10"]
[SourceQuality "1"]

1. Nf3 Nc6 2. e4 e5 3. d3 d6 4. a3 Bg4 5. Be2 Bxf3 6. Bxf3 Nf6 7. Nd2 d5 8. 0-0 g5 9. exd5 Nxd5 10. Bxd5 Qxd5 11. Ne4 Be7 12. Qf3 Nd4 13. Nf6+ Bxf6 14. Qxd5 c6 15. Qd6 Bg7 16. Bxg5 Nf5 17. Qc7 0-0 18. Qxb7 f6 19. Be3 Nxe3 20. fxe3 Rfc8 21. Rf3 Kh8 22. Rg3 Bf8 23. Qf7 1-0